|
|
|
|
| LEADER |
00946nab a2200217 i 4500 |
| 001 |
acta80902 |
| 005 |
20230904082241.0 |
| 008 |
230904s1981 hu o 0|| hun d |
| 022 |
|
|
|a 0422-9576
|
| 040 |
|
|
|a SZTE Egyetemi Kiadványok Repozitórium
|b hun
|
| 041 |
|
|
|a hun
|
| 100 |
1 |
|
|a Kottász József
|
| 245 |
1 |
0 |
|a Heltai László emlékezetére, 1899-1981
|h [elektronikus dokumentum] /
|c Kottász József
|
| 260 |
|
|
|a Lapkiadó Vállalat
|b Budapest
|c 1981
|
| 300 |
|
|
|a 171-172
|
| 490 |
0 |
|
|a Élelmiszervizsgálati közlemények
|v 27 No. 4
|
| 650 |
|
4 |
|a Műszaki és technológiai tudományok
|
| 650 |
|
4 |
|a Egyéb műszaki tudományok és technológiák
|
| 650 |
|
4 |
|a Élelmiszer és italfélék
|
| 695 |
|
|
|a Heltai László, Élelmiszertudomány - magyar - 20. sz. - életrajz, Élelmiszerellenőrzés - magyar - 20. sz. - életrajz
|
| 856 |
4 |
0 |
|u http://acta.bibl.u-szeged.hu/80902/1/elelmiszervizsgalati_kozlemenyek_1981_04_171-172.pdf
|z Dokumentum-elérés
|